| 000 | 00399nam a2200145 a 4500 | ||
|---|---|---|---|
| 001 | 1303 | ||
| 003 | CDMR | ||
| 005 | 20130116135208.0 | ||
| 008 | 130130s1983||||||||||||||||||||||||||||d | ||
| 040 |
_aCDMR _bcat _cCDMR |
||
| 100 | 1 |
_aFatorelli, Glacy _91017 |
|
| 245 | 1 | 0 |
_aFotografia brasilera contemporània _cFATORELLI, Glacy |
| 260 |
_aBarcelona _c1983 _bObra Social de la Caixa de Pensions |
||
| 942 | _cMON | ||
| 999 |
_c1303 _d1303 |
||